000 00336 a2200157 4500
001 64272
020 _a9788575564448
040 _cAnchieta - Pituba
100 _aMacedo, Joaquim Manuel de
240 1 0 _aA moreninha
_lpor
245 1 0 _aA moreninha
300 _a146
362 0 _a2005
650 4 _aFicção brasileira
942 _cBK
999 _c64272
_d64272